|
|
|
|
| LEADER |
00000nam a2200000 4500 |
| 001 |
vtls012228046 |
| 003 |
SK-MaSNL |
| 005 |
20260301015950.0 |
| 008 |
230420s2021 xo oa frnp 000 0 slo |
| 015 |
|
|
|a SNBA2023/05
|
| 020 |
|
|
|a 9788055818184
|q (brožované)
|
| 040 |
|
|
|a SNK
|b slo
|c SNK
|e rda
|
| 041 |
0 |
|
|a slo
|
| 044 |
|
|
|a xo
|c SK
|
| 072 |
|
7 |
|a 581
|x Všeobecná botanika
|2 konspekt
|
| 072 |
|
7 |
|a 37.016
|x Učebné osnovy. Vyučovacie predmety. Učebnice
|2 konspekt
|
| 080 |
|
|
|a 581.4
|2 2011
|
| 080 |
|
|
|a 581.41
|2 2011
|
| 080 |
|
|
|a (076.5)
|2 2011
|
| 080 |
|
|
|a (075.8)
|2 2011
|
| 100 |
1 |
|
|a Cehula, Marcela,
|d 1989-
|4 aut
|9 306609
|
| 245 |
1 |
0 |
|a Návody na cvičenia z anatómie a morfológie rastlín
|c Marcela Cehula, Ramona Babosová, Roman Kuna, Alexandra Bartková
|
| 250 |
|
|
|a Druhé, doplnené vydanie
|
| 264 |
|
1 |
|a Nitra
|b Univerzita Konštantína Filozofa
|c 2021
|
| 300 |
|
|
|a 129 strán
|b farebné fotografie, ilustrácie (prevažne farebné)
|c 25 cm
|
| 336 |
|
|
|a text
|b txt
|2 rdacontent
|
| 337 |
|
|
|a bez média
|b n
|2 rdamedia
|
| 338 |
|
|
|a zväzok
|b nc
|2 rdacarrier
|
| 366 |
|
|
|e 200 kusov
|
| 490 |
1 |
|
|a Prírodovedec
|v č. 765
|
| 504 |
|
|
|a Bibliografia na strane 126-128
|
| 650 |
0 |
7 |
|a anatómia rastlín
|2 SNKPH
|9 78774
|
| 650 |
0 |
7 |
|a Plant anatomy
|2 SNKPHeng
|9 306610
|
| 650 |
0 |
7 |
|a morfológia rastlín
|2 SNKPH
|9 73305
|
| 650 |
0 |
7 |
|a Plant morphology
|2 SNKPHeng
|9 306611
|
| 655 |
|
7 |
|a praktické cvičenia
|2 SNKPH
|9 70517
|
| 655 |
|
7 |
|a Problems, exercises, etc.
|2 SNKPHeng
|9 278342
|
| 655 |
|
7 |
|a učebnice vysokých škôl
|2 SNKPH
|9 70191
|
| 655 |
|
7 |
|a Textbooks (higher)
|2 SNKPHeng
|9 276436
|
| 700 |
1 |
|
|a Babosová, Ramona,
|d 1988-
|4 aut
|9 213388
|
| 700 |
1 |
|
|a Rosenbaum Bartková, Alexandra,
|d 1993-
|4 aut
|9 256966
|
| 700 |
1 |
|
|a Kuna, Roman
|4 aut
|9 12727
|
| 710 |
2 |
|
|a Univerzita Konštantína Filozofa v Nitre.
|b Fakulta prírodných vied
|4 pbl
|
| 830 |
|
0 |
|a Prírodovedec
|9 266401
|
| 852 |
|
|
|a Slovenská národná knižnica
|
| 919 |
|
|
|a 978-80-558-1818-4
|
| 954 |
|
|
|a odborná, vedecká literatúra pôvodná (slovenská)
|2 lita
|
| 958 |
|
|
|a NB
|
| 999 |
|
|
|c 561944
|d 563874
|
| 952 |
|
|
|a SNK
|b SNK
|y PREZ
|7 0
|p 17A1519677
|o snkSC 201839
|i snk2023/6435
|8 0
|0 0
|1 0
|4 0
|d 2023-04-20
|l 0
|r 2025-10-24 00:00:00
|w 2026-02-23
|
| 952 |
|
|
|a SNK
|b SNK
|y VYP
|7 0
|p 17A1519678
|o snkSC 201839 D1
|i snk2023/6436
|8 0
|0 0
|1 0
|4 0
|d 2023-04-20
|l 0
|r 2026-02-23 13:45:49
|w 2026-02-23
|